000 01433nam a2200241Ia 4500
003 Ost
005 20260507075120.0
008 260507s9999||||xx |||||||||||||| ||und||
040 _cfsecg
041 _aara
082 _a657.95
100 _aالأخرس، عاطف
_eمؤلف
245 0 _aمحاسبة الشركات /
_c عاطف الأخرس
260 _aعمان:
_bدار البركة للنشر والتوزيع,
_c2001
300 _a301 صفحة؛
_bإيضاحات ؛
_c24 سم
504 _aالمراجع ص.301
520 _aالمدخل الى محاسبة الشركات- المعالجة المحاسبية للشركات العادية- الأبعاد القانونية لعمليات الجرد والحسابات الختامية والقوائم المالية- المعالجة المحاسبية لفسخ الشركة العادية وتصفيتها- الشركات المساهمة العامة- الحسابات الختامية والميزانية العمومية- الإحتياطات والمخصصات- تصفية الشركة المساهمة العامة وفسخها- الشركات المساهمة الخصوصية( الشركات ذات المسؤولية المحدودة)
653 _aالشركات- المحاسبة
653 _aالمحاسبة
653 _aمحاسبة الشركات
700 _aعليان، شريف وآخرون
_eمؤلف ثانوي
942 _cكتاب
999 _c43075
_d43075